Βυζαντινό μουσείο : το παρελθόν, το παρόν και το μέλλον

Αποθηκεύτηκε σε:
Λεπτομέρειες βιβλιογραφικής εγγραφής
Κύριος συγγραφέας: Κωνστάντιος, Δημήτρης Ν., 1959-2010
Μορφή: Βιβλίο
Γλώσσα:Greek
Δημοσίευση: Αθήνα : [Υπουργείο Πολιτισμού, Βυζαντινό & Χριστιανικό Μουσείο], 2009
Θέματα:
Ετικέτες: Προσθήκη ετικέτας
Δεν υπάρχουν, Καταχωρήστε ετικέτα πρώτοι!

MARC

LEADER 00000cam a2200000 i 4500
001 1/6055
008 100323s2009 gr | ||| |||| ||gre||
020 |a 9789602147764 
035 |l 10107379 
040 |a GR-MyUa  |b gre  |e AACR2 
041 0 |a gre 
082 7 |a 708.495  |2 (22) 
100 1 |a Κωνστάντιος, Δημήτρης Ν.,   |d 1959-2010. 
245 1 0 |a Βυζαντινό μουσείο :  |b το παρελθόν, το παρόν και το μέλλον /  |c Δημήτριος Κωνστάντιος 
260 |a Αθήνα :   |b [Υπουργείο Πολιτισμού, Βυζαντινό & Χριστιανικό Μουσείο],   |c 2009 
300 |a 207 σ.;  |b έγχρ. εικ.;  |c 24 εκ. 
504 |a Βιβλιογραφία: σ. 206 
610 2 0 |a Βυζαντινό & Χριστιανικό Μουσείο (Αθήνα, Ελλάς) 
650 0 |a Historical museums  |z Greece  |z Athens. 
852 |a INST  |b RHODES  |e 20100323  |h 708.495 ΚΩΝ  |p 005400032573  |q 005400032573  |t BK  |y 0 
901 |a BIBL4-2010-1 
970 |a ΚΟΖΑ  |b ΜΑΡΙΑ  |z 2010/03/23